000 00824nam a2200241Ia 4500
003 OSt
005 20221005111817.0
006 a|||||r|||| 00| 0
007 ta
008 221004b |||||||| |||| 00| 0 hin d
024 _a30176
037 _cTextual
040 _aCRL
_cCRL
_bhin
041 _2hin
_ahin
082 _aW6, 152L2
100 _aतिलक, रघुकुल
245 0 _aलोकतंत्र
_b स्वरूप एवं समस्याएॅं
246 _aLokatantra: svarūp evan samasyāeॅan
260 _aलखनऊ
_bउत्तर प्रदेश हिंदी ग्रंथ अकादमी भारत
_c1972
300 _a594पृ.
_ccm.
942 _hW6, 152L2
_cTEXL
_2cc
999 _c1022989
_d1022989